86 - Né(es) un 27 mars - Statistiques

Statistiques générales
  • Ce quiz a été pris 10 fois
  • Le résultat moyen est 4 sur 9
Statistiques - réponses
Hint Année de naissance Réponse % Correct
Réalisateur américain de notamment "Reservoir Dogs" (1992) et "Pulp Fiction" (1994). 1963 Quentin Tarantino
100%
Préfet de la Seine de 1853 à 1870, il a dirigé les transformations de Paris sous le Second Empire. 1809 Georges Eugène Haussmann|baron Haussmann
80%
Chanteuse américaine. Révélée en 1990 par un album éponyme. A co-composé "All I Want for Christmas Is You". 1969 Mariah Carey
80%
Violoncelliste et chef d'orchestre russe. A joué du violoncelle près du mur de Berlin à la suite de la chute de ce dernier en novembre 1989. 1927 Mstislav Rostropovitch
50%
Pilote écossais de Formule 1. Passé par Williams et McLaren et Red Bull. Vice champion du monde en 2001. 1971 David Coulthard
20%
Dramaturge français. Auteur de "Poèmes antiques et modernes" (1822), "Cinq-Mars" (1826), "Chatterton" (1835), "Stello" (1832), "La Maréchale d'Ancre" (1831). Académicien de 1845 à 1863. 1797 Alfred de Vigny
10%
Considérée comme l'une des plus grandes légendes du cinéma muet. Vue dans "Boulevard du crépuscule" (1950). 1899 Gloria Swanson
10%
Femme politique française. Députée européenne de 1999 à 2017. Fut première vice-présidente du parti le Mouvement démocrate (MoDem). 1951 Marielle de Sarnez
10%
Physicien français. Spécialiste de la physique nucléaire. Inventa le terme "hypéron". Élu membre de l'Académie française en 1966. 1901 Louis Leprince-Ringuet
0%
Aucun quiz correspondant
Distribution des résultats
% des personnes avec chaque résultat
Percentile par nombre de réponses
Votre historique - résultats
Vous n’avez pas pris ce quiz